Which is an element? - Statistics

General Stats
  • This quiz has been taken 171 times
  • The average score is 31 of 32
Answer Stats
Question Tile Select % Correct
Which is a element? 845 No
99%
Which is a element? Awesome No
99%
Which is a element? Brother No
99%
Which is a element? Cool No
99%
Which is a element? Good No
99%
Which is a element? Great No
99%
Which is a element? Horrible No
99%
Which is a element? Loving No
99%
Which is a element? Mean No
99%
Which is a element? Name No
99%
Which is a element? Wonderful No
99%
Which is a element? Yucky No
99%
Which is an element? Awesome No
98%
Which is an element? Border No
98%
Which is an element? Cool No
98%
Which is an element? Day No
98%
Which is an element? Dust No
98%
Which is an element? Fool No
98%
Which is an element? Image No
98%
Which is a element? Like No
98%
Which is an element? Silly No
98%
Which is an element? Van No
98%
Which is an element? Vroom No
98%
Which is an element? 1 No
97%
Which is a element? 13 No
97%
Which is an element? April No
97%
Which is an element? Go No
97%
Which is a element? Helium Yes
97%
Which is an element? Potassium Yes
97%
Which is an element? 39 No
96%
Which is an element? 42 No
96%
Which is a element? 21 No
95%
No matching quizzes found
Score Distribution
Percent of People with Each Score
Percentile by Number Answered
Your Score History
You have not taken this quiz